Dallas Mavericks All-Time Starters - Statistics

General Stats
  • This quiz has been taken 47 times
  • The average score is 4 of 7
Answer Stats
Hint Answer % Correct
PF Dirk Nowitzki
97%
PG Luka Dončić
89%
SG Rolando Blackman
61%
SF Mark Aguirre
58%
Coach Rick Carlisle
39%
6th man Derek Harper
32%
C James Donaldson
29%
No matching quizzes found
Score Distribution
Percent of People with Each Score
Percentile by Number Answered
Your Score History
You have not taken this quiz